Concordância Sino-Portuguesa de Provérbios e Frases Idiomáticas (Record no. 3319)

000 -LEADER
fixed length control field 00581nam a22001697a 4500
003 - CONTROL NUMBER IDENTIFIER
control field OSt
005 - DATE AND TIME OF LATEST TRANSACTION
control field 20200724173302.0
008 - FIXED-LENGTH DATA ELEMENTS--GENERAL INFORMATION
fixed length control field 200724b xxu||||| |||| 00| 0 eng d
020 ## - INTERNATIONAL STANDARD BOOK NUMBER
International Standard Book Number 972-97132-3-5
040 ## - CATALOGING SOURCE
Original cataloging agency CREDDM-FRC
Language of cataloging Pt
100 ## - MAIN ENTRY--PERSONAL NAME
Personal name Leão, João Baptista Manuel
110 ## - MAIN ENTRY--CORPORATE NAME
Corporate name or jurisdiction name as entry element Associação de Educação de Adultos de Macau
245 ## - TITLE STATEMENT
Title Concordância Sino-Portuguesa de Provérbios e Frases Idiomáticas
Statement of responsibility, etc Monsenhor António André Ngan
260 ## - PUBLICATION, DISTRIBUTION, ETC. (IMPRINT)
Place of publication, distribution, etc Macau :
Name of publisher, distributor, etc Associação de Educação de Adultos de Macau,
Date of publication, distribution, etc Maio 2017.
300 ## - PHYSICAL DESCRIPTION
Extent 275 pág.:
Dimensions 23 cm.
942 ## - ADDED ENTRY ELEMENTS (KOHA)
Source of classification or shelving scheme
Koha item type Monograph
Copies
Source of acquisition Permanent Location Date last seen Not for loan Date acquired Source of classification or shelving scheme Koha item type Barcode Damaged status Lost status Withdrawn status Current Location Copy number Full call number Inventory number
Oferta de AutorRui Cunha Foundation Library (CRED-DM)2020-07-24 2017-07-24 MonographK-2-4-45 5046 CREDDM   Rui Cunha Foundation Library (CRED-DM)1K-2-4-45 (5046)5046
Languages: